000
00260 a2200133 4500
001
59097
020
_a
040
_c
Anchieta - Pituba
240
1
0
_a
Retrato do Brasil
_l
por
245
1
0
_a
Retrato do Brasil
300
_a
535
650
4
_a
Brasil
942
_c
BK
999
_c
59097
_d
59097